00901nam a22002777a 4500003000400000005001700004008004100021020003000062040003100092050001300123100002900136245006900165250002000234260004500254300004900299336002400348337002800372338002500400504005100425650002300476650002900499650002400528650001600552650003000568650002500598OSt20250129103134.0250129b |||||||| |||| 00| 0 eng d a9780323374798 (paperback) aNUSTbengcNUSTdNUSTerda aRB53 BRU aBrunzel, Nancy AeAuthor aFundamentals of urine & body fluid analysis / cNancy A. Brunzel aFourth edition. aSt. Louis, Missouri :bElsevier, c2018. axiii, 429 pages :b illustrations ; c28 cm. 2rdamediaatextbtxt 2rdamediaaunmediatedbn 2rdamediaavolumebnc aIncludes bibliographical references and index. vUrine -- Analysis. vBody fluids -- Analysis. vClinical chemistry. vUrinalysis. vBody Fluids -- chemistry. vChemistry, Clinical.